Revista Dereitos Culturais

Detalles Bibliográficos
Formato: eBook
Lenguaje:portugués
Publicado: [Brasil] : Universidade Regional Integrada do Alto Uruguai e das Misse̳s, 2006 -
Materias:
Acceso en línea:Acceso restringido

MARC

LEADER 00000nam a22000007a 4500
005 20110916141217.0
008 110916s2006 bl zr|p|s|||| 00| a1por d
022 |a 2177-1499  
035 |a 4991 
040 |a vLex 
090 |c 2486  |d 2486 
245 0 0 |a Revista Dereitos Culturais  |h [Recurso electrn̤ico] 
256 |a Servicio en ln̕ea. 
260 |a [Brasil] :  |b Universidade Regional Integrada do Alto Uruguai e das Misse̳s,  |c 2006 - 
300 |a 1 recurso electrn̤ico 
310 |a Dos veces al aǫ 
362 |a Nm︢. 1 (2006) - 
500 |a A Revista Direitos Culturais busca construir e consolidar a pesquisa cientf̕ica por meio da formaȯ̂ de pesquisadores, docentes e demais profissionais para atuar na r̀ea do Direito, enfocando a temt̀ica sociocultural do multiculturalismo e a interdisciplinaridade como refern̊cia metodolg̤ica e gerar condiė̳s e possibilidades de aplicabilidade na realidade regional, de maneira crt̕ica e reflexiva, da pesquisa desenvolvida, como contribuiȯ̂ prt̀ica de alternativas de coexistn̊cia sustentv̀el dos diferentes grupos culturais que constituem a sociedade contemporńea.  
506 1 |a Contenido solo disponible en los productos indicados  |d vLex Global  |d vLex Global (Academic Edition, excluding Law Schools)  |d vLex Global (U.S. Academic Edition, Law Schools)  |d vLex Global (U.S. Academic Edition, excluding Law Schools)  |d vLex Global (Academic Edition, Law Schools) 
650 0 4 |a Derecho civil  |z Brasil 
740 0 |a vLex Revistas (Servicio en ln̕ea) 
856 4 0 |u http://vlex.com/source/direitos-culturais-4991  |z Acceso restringido 
942 |c REV